A lenda de Narciso (Record no. 56876)

MARC details
000 -LÍDER
campo de controle de tamanho fixo 00335 a2200157 4500
001 - NÚMERO DE CONTROLE
campo de controle 56876
020 ## - ISBN - INTERNATIONAL STANDARD BOOK NUMBER
ISBN - International Standard Book Number 9788526271821
040 ## - FONTE DA CATALOGAÇÃO
Instituição que transcreveu o registro Anchieta - Pituba
100 ## - ENTRADA PRINCIPAL--NOME PESSOAL
Nome pessoal Guasco, Luiz
240 10 - TÍTULO UNIFORME
Título uniforme A lenda de Narciso
Idioma da obra por
245 10 - TÍTULO
Título A lenda de Narciso
300 ## - DESCRIÇÃO FÍSICA
Extensão 40
362 0# - DATAS DE PUBLICAÇÃO E/OU DESIGNAÇÃO SEQUENCIAL
Datas de publicação e/ou designação sequencial 2008
650 #4 - ASSUNTO--TERMO TÓPICO
Cabeçalho tópico ou nome geográfico Literatura juvenil
942 ## - ELEMENTOS DE ENTRADA ADICIONADOS (KOHA)
Tipo de material Koha Livros
Holdings
Situação do descarte Situação das perdas Situação física Não pode ser emprestado Biblioteca de origem Biblioteca atual Data de aquisição Total de empréstimos Número de chamada completo Código de barras Data de último acesso Data do preço efetivo Tipo de material Koha
        Colégio Anchieta - Pituba Colégio Anchieta - Pituba 21/11/2023   LJ 028.5 G917l GUA LEN 6581/PIT 21/11/2023 21/11/2023 Livros